000 00311nam a22001217a 4500
008 230609b xxu||||| |||| 00| 0 eng d
082 _a382.4
_bKEN
245 _a2006/2007 Supplementary Estimates (Recurrent Expenditure)
260 _aNairobi,Kenya
_bGOK
_c2007
300 _aV,542p
440 _vI
942 _2ddc
_cBK
999 _c891
_d891